LEADER 01262nam--2200385---450- 001 990001132930203316 005 20030718134934.0 035 $a000113293 035 $aUSA01000113293 035 $a(ALEPH)000113293USA01 035 $a000113293 100 $a20030224d2002----km-y0enga50------ba 101 0 $aita 102 $aIT 105 $ay|||z|||001yy 200 1 $aManuale del registro$efascicolo provvisorio di aggiornamento, 31 gennaio 2002$eraccolta di legislazione, norme amministrative e giurisprudenza$fcoordinata per articolo da Giuseppe Giuliani 210 $aMilano$cGiuffrè$d2002 215 $a73 p.$d24 cm 300 $aSegue : Appendice 606 0 $aTassa di registro$xLegislazione 676 $a343.45055 702 1$aGIULIANI,$bGiuseppe 710 02$aITALIA$0423419 801 0$aIT$bsalbc$gISBD 912 $a990001132930203316 951 $aIG VII 256 Agg. 2002$b33807 G.$cIG VII$d00084921 959 $aBK 969 $aGIU 979 $aMARIA$b10$c20030224$lUSA01$h1026 979 $aRENATO$b90$c20030717$lUSA01$h1318 979 $aANGELA$b90$c20030718$lUSA01$h1349 979 $aPATRY$b90$c20040406$lUSA01$h1718 979 $aPATRY$b90$c20061017$lUSA01$h1724 996 $aManuale del registro$9270367 997 $aUNISA LEADER 01111nam0-22002891i-450 001 990005353280403321 005 20231219104011.0 035 $a000535328 035 $aFED01000535328 035 $a(Aleph)000535328FED01 035 $a000535328 100 $a19990604f---0---9km-y0itay50------ba 101 0 $aita 105 $ay-------001yy 200 1 $aDocumenti sulla provenienza ceretana della statuetta fittile del palazzo dei Conservatori in Campidoglio e dei monumenti con essa connessi$fG. Q. Giglioli 210 $aFirenze$cTipocalcografia Classica$ds.d. 215 $aP.277-282$d29 cm 300 $aEstratto da "Studi Etruschi", Volume XX 700 1$aGiglioli,$bGiulio Quirino$f<1886-1957>$0191003 801 0$aIT$bUNINA$gRICA$2UNIMARC 901 $aBK 912 $a990005353280403321 952 $aARCH. BM MISC. 024 (27)$bARCH. 14469$fFLFBC 952 $ARCH. BM MISC. 111 (04)a$bARCH. 14551$fFLFBC 959 $aFLFBC 996 $aDocumenti sulla provenienza ceretana della statuetta fittile del palazzo dei Conservatori in Campidoglio e dei monumenti con essa connessi$9599324 997 $aUNINA